| 000 | 01212nam a22003977a 4500 | ||
|---|---|---|---|
| 001 | BR0603277 | ||
| 003 | BR-BrBNA | ||
| 005 | 20230928102227.0 | ||
| 007 | ta | ||
| 008 | 230509b bl.||||| |||| 00| 0 por d | ||
| 040 |
_aBR-BrBNA _bpor _cBiblioteca Nacional de Agricultura |
||
| 041 | _a(Por) | ||
| 072 |
_aP36; K70; U10 _b3240 |
||
| 090 | _ 3240 BR0603277 | ||
| 100 | 1 | _aOliveira, F.P. de | |
| 110 | 1 |
_aUniversidade Federal de Lavras, MG (Brasil) _0Tese (Mestrado) |
|
| 245 | 1 | _aErosão hídrica em áreas florestais no Vale do Rio Doce, Região Centro-Leste do Estado de Minas Gerais | |
| 260 | 3 |
_aLavras, MG (Brasil): _c2006. |
|
| 300 | _a105 p. | ||
| 500 | _aSummaries (Eng, Por); Several bibliography; 30 tables; 10 illus. | ||
| 650 | _aEROSÃO HÍDRICA | ||
| 650 | _aEUCALIPTO | ||
| 650 | _aPRODUÇÃO FLORESTAL | ||
| 650 | _aPRECIPITAÇÃO PLUVIAL | ||
| 650 | _aPLUVIOMETRIA | ||
| 650 | _aENXURRADA | ||
| 650 | _aGRANULOMETRIA | ||
| 650 | _aQUÍMICA DO SOLO | ||
| 650 | _aSEDIMENTO | ||
| 650 | _aCONSERVAÇÃO DO SOLO | ||
| 650 | _aMODELO MATEMÁTICO | ||
| 650 | _aANÁLISE ESTATÍSTICA | ||
| 650 | _aMINAS GERAIS | ||
| 909 |
_a202309 _bLucia _c55 _dLucia Elande |
||
| 942 | _cBK | ||
| 999 |
_c69745 _d69745 |
||